000 00646nam a2200157 i 4500
001 163714
003 ES-MaACL
005 20251012063055.0
008 990701s1853 sp d |||| | spa d
100 1 _aRodríguez, Eduardo,
_d1815-1881
_9175901
245 1 0 _aDiscurso pronunciado en la solemne inauguración del curso de 1853 a 1854 en el Real Instituto Industrial /
_cpor el doctor en ciencias Don Eduardo Rodríguez.
260 _aMadrid :
_b[s.n.],
_c1853 (
_fImp. de José María Ducazcal)
300 _a15 p. ;
_c26 cm.
852 4 _aES-MaACL
_jT-47-F-6
_z- Enc. hol.
_z- Enc. en un vol. facticio
999 _c163714
_d163714